00640nam a2200181Ia 4500008004100000020001800041041000800059082001400067100001800081245007700099250001200176260005300188300000900241365000700250650003800257952014600295999001700441251210s2025 xx 000 0 und d a9789394525566 aeng a618.2 KAU aKaur, Sandeep aMidwifery / obstetrics and gynecology nursing for B.Sc. nursing students a2nd ed. aNew DelhibCBS publishers and Distributorsc2025 a844p cRS aObstetrics and gynecology nursing 00104070aCNbCNcR10S4d2025-10-27eCBS publishers and distributorsg1295.00l2o618.2 KAUpCN5862r2026-01-29s2026-01-19w2025-12-10yCR c64155d64155